La péninsule arabique : Coeur géopolitique du Moyen-Orient (notice n° 2198776)

détails MARC
000 -LEADER
fixed length control field 01543cam a2200133 4500500
005 - DATE AND TIME OF LATEST TRANSACTION
control field 20260405085605.0
041 ## - LANGUAGE CODE
Language code of text/sound track or separate title fre
042 ## - AUTHENTICATION CODE
Authentication code dc
100 10 - MAIN ENTRY--PERSONAL NAME
Personal name Tétart, Frank
Relator term author
245 00 - TITLE STATEMENT
Title La péninsule arabique : Coeur géopolitique du Moyen-Orient
260 ## - PUBLICATION, DISTRIBUTION, ETC.
Name of publisher, distributor, etc. Armand Colin,<br/>
Date of publication, distribution, etc. 2017.<br/>
520 ## - SUMMARY, ETC.
Summary, etc. Arabie saoudite, Émirats arabes unis, Koweït, Oman, Qatar, Yémen : la péninsule Arabique a toujours constitué un lieu de passage entre Europe, Afrique et Asie. Berceau de l’islam, dont elle abrite les villes saintes de La Mecque et Médine, son espace s’est construit au gré des intérêts géopolitiques, si bien qu’il est à présent au coeur de la mondialisation des échanges.Espace convoité, son attractivité économique et stratégique a fait émerger de nombreuses tensions entre les États de la zone et a exacerbé les fractures existantes aux niveaux religieux (chiites/sunnites), ethnique (Perses/Arabes) et politique (Iran/Arabie saoudite). Parallèlement la péninsule, confrontée au défi de la fin de la rente pétrolière, doit entreprendre une diversification rapide de son économie.Pour saisir les spécificités de cet espace-clé, cet ouvrage propose une géographie complète à la fois géohistorique, géoéconomique et géopolitique de ce qui constitue aujourd’hui le véritable coeur du Moyen-Orient.Avec un atlas en couleur réalisé en partenariat avec la revue Moyen-Orient.
856 41 - ELECTRONIC LOCATION AND ACCESS
Uniform Resource Identifier <a href="https://shs.cairn.info/la-peninsule-arabique--9782200616328?lang=fr&redirect-ssocas=7080">https://shs.cairn.info/la-peninsule-arabique--9782200616328?lang=fr&redirect-ssocas=7080</a>

Pas d'exemplaire disponible.

PLUDOC

PLUDOC est la plateforme unique et centralisée de gestion des bibliothèques physiques et numériques de Guinée administré par le CEDUST. Elle est la plus grande base de données de ressources documentaires pour les Étudiants, Enseignants chercheurs et Chercheurs de Guinée.

Adresse

627 919 101/664 919 101

25 boulevard du commerce
Kaloum, Conakry, Guinée

Réseaux sociaux

Powered by Netsen Group @ 2025